• 首页
  • 本馆介绍
  • 公告通知
  • 最新文献
  • 馆藏检索
  • 电子资源
  • 读者导购
  • 参考咨询
  • 我的图书馆
  • 登录
  • 详细信息显示
  • 放入我的书架
  • 预约/预借图书
  • 作者相关作品
  • 分类相关作品
  • 丛书相关作品
  • 出版社相关作品

书目信息

  • 表格格式
  • 工作单格式
  • 卡片格式
题名:
地方统战前沿问题与案例分析
    
 
作者: 周湘智 著
分册:  
出版信息: 长沙   湖南人民出版社  2014
页数: 192页
开本: 24cm
丛书名:
单 册:
中图分类: D613
科图分类:
主题词: 统一战线工作--Tong Yi Zhan Xian Gong Zuo--案例--中国
电子资源:
ISBN: 978-7-5561-0546-5
000 00646nam0 2200217 450
001 340222
005 20150625104316.07
010    @a978-7-5561-0546-5@dCNY28.00
100    @a20150228d2014 ekmy0chiy50 ea
101 0  @achi
102    @aCN@b430000
105    @ay z 000yy
106    @ar
200 1  @a地方统战前沿问题与案例分析@ADi Fang Tong Zhan Qian Yan Wen Ti Yu An Li Fen Xi@f周湘智著
210    @a长沙@c湖南人民出版社@d2014
215    @a192页@d24cm
606 0  @a统一战线工作@ATong Yi Zhan Xian Gong Zuo@x案例@y中国
690    @aD613@v5
701  0 @a周湘智@AZhou Xiang Zhi@4著
801  0 @aCN@b卓展宏图@c20150525
905    @dD613@e176@f4
    
    地方统战前沿问题与案例分析/周湘智著.-长沙:湖南人民出版社,2014
    192页;24cm
    
    
    ISBN 978-7-5561-0546-5:CNY28.00
    
●
相关链接 在E读中查询图书 在五车中查询图书 在当当中查询图书 在豆瓣中查询图书


正题名:地方统战前沿问题与案例分析     索取号:D613/176         预约/预借

序号 登录号 条形码 馆藏地/架位号 状态 备注
1 864810   208648105   第一样本阅览室/ [索取号:D613/176] 在馆    
2 864811   208648114   第一借阅区/ [索取号:D613/176] 在馆    
3 864812   208648123   第一借阅区/ [索取号:D613/176] 在馆    
4 864813   208648132   第一借阅区/ [索取号:D613/176] 在馆    
唐山师范学院图书馆 欢迎您!
大连网信软件有限公司© 版权所有